[Event "IIFL Wealth  4th Mumbai Junior U-13"]
[Site "Mumbai"]
[Date "2019.01.02"]
[Round "4"]
[White "Potawad Anirudhha"]
[Black "Renganayaki V"]
[Result "1/2-1/2"]
[WhiteElo "1849"]
[BlackElo "1376"]
[Annotator "NA RC"]
[PlyCount "84"]
[EventDate "2018.12.30"]
[EventType "swiss"]
[EventCountry "IND"]
[SourceTitle "playchess.com"]
[Source "ChessBase"]
[SourceQuality "1"]
[TimeControl "40/5400+30:1800+30"]

1. e4 {[%emt 0:09:25]} c5 {[%emt 0:00:00]} 2. Nf3 {[%emt 0:00:16]} g6 {[%emt 0:00:04]} 3. c3 {[%emt 0:00:58]} Bg7 {[%emt 0:00:06]} 4. d4 {[%emt 0:00:09]} cxd4 {[%emt 0:00:03]} 5. cxd4 {[%emt 0:00:08]} d5 {[%emt 0:00:03]} 6. e5 {[%emt 0:00:33]} Bg4 {[%emt 0:00:05]} 7. Bb5+ {[%emt 0:00:51] B27: Sicilian: 2 Nf3, unusual Black 2nd moves} Nd7 {[%emt 0:00:07]} 8. Nc3 {[%emt 0:02:06]} (8. O-O e6 9. Nbd2 Ne7 10. h3 Bxf3 11. Nxf3 a6 12. Bd3 O-O 13. h4 f6 14. exf6 Bxf6 {1-0 (37) Andreikin,D (2736)-Savchenko,B (2613) Sochi 2016}) 8... e6 {[%emt 0:00:07]} 9. O-O {[%emt 0:02:37]} Ne7 {[%emt 0:00:05]} 10. h3 $146 {[%emt 0:02:44]} ({Predecessor:} 10. Bg5 O-O 11. Qa4 Bxf3 12. Bxd7 Bh5 13. Qa3 Qxd7 14. Qxe7 Qxe7 15. Bxe7 {0-1 (48) Burnett,R (2315)-Chow,A (2310) USA 1994}) 10... Bxf3 {[%emt 0:00:18]} 11. Qxf3 {[%emt 0:00:16]} O-O {[%emt 0:03:01]} 12. Bg5 {[%emt 0:08:35]} h6 {[%emt 0:06:14]} 13. Be3 {[%emt 0:13:07]} a6 {[%emt 0:05:14]} 14. Ba4 {[%emt 0:06:45]} b5 {[%emt 0:04:38]} 15. Bb3 {[%emt 0:03:12]} Nb6 {[%emt 0:01:44]} 16. a3 {[%emt 0:05:54]} Rc8 {[%emt 0:03:27]} 17. Rfd1 {[%emt 0:04:19]} Nc6 {[%emt 0:05:24]} 18. Qe2 {[%emt 0:08:28]} Na5 {[%emt 0:01:30]} 19. Ba2 {[%emt 0:00:08]} Nac4 {[%emt 0:05:55]} 20. Bxc4 {[%emt 0:00:48]} Nxc4 {[%emt 0:01:32]} 21. Rac1 {[%emt 0:00:14]} Qb6 {[%emt 0:05:27]} 22. Nb1 {[%emt 0:03:31]} b4 {[%emt 0:08:54]} 23. a4 {[%emt 0:08:12]} b3 {[%emt 0:12:31]} 24. Rc3 {[%emt 0:01:55]} Qb4 {[%emt 0:02:09]} 25. Rdc1 $1 {[%emt 0:03:22]} Qxa4 {[%emt 0:14:18]} 26. Nd2 {[%emt 0:00:15]} Nb6 {[%emt 0:10:38]} 27. Nxb3 {[%emt 0:01:39]} Rxc3 {[%emt 0:01:10]} 28. Rxc3 {[%emt 0:00:02]} Nc4 {[%emt 0:00:17]} 29. Nc5 $11 {[%emt 0:04:03]} Qa1+ {[%emt 0:01:39]} 30. Rc1 {[%emt 0:01:50]} Qxb2 {[%emt 0:01:30]} 31. Qxb2 {[%emt 0:00:27]} Nxb2 {[%emt 0:00:03]} 32. Nxa6 {[%emt 0:00:15]} Nc4 {[%emt 0:00:29]} 33. Rb1 {[%emt 0:00:55]} Ra8 {[%emt 0:01:21]} 34. Rb8+ {[%emt 0:00:22]} Rxb8 {[%emt 0:00:05]} 35. Nxb8 {[%emt 0:00:03]} Kf8 {[%emt 0:01:33]} 36. Kf1 {[%emt 0:01:15]} h5 {[%emt 0:00:06]} 37. Bg5 {[%emt 0:01:57]} Ke8 {[%emt 0:02:26]} 38. Ke2 {[%emt 0:00:17]} Bf8 {[%emt 0:00:26]} 39. Kd3 {[%emt 0:00:45]} Be7 {[%emt 0:01:00]} 40. Bxe7 {[%emt 0:00:00]} Kxe7 {[%emt 0:00:00]} 41. Kc3 Kd8 42. Nc6+ Kc7 1/2-1/2

[Event "IIFL Wealth  4th Mumbai Junior U-13"]
[Site "Mumbai"]
[Date "2019.01.02"]
[Round "4"]
[White "Larmet, Nino"]
[Black "Dawda Vihaan"]
[Result "1-0"]
[WhiteElo "1835"]
[BlackElo "1212"]
[Annotator "NA RC"]
[PlyCount "103"]
[EventDate "2018.12.30"]
[EventType "swiss"]
[EventCountry "IND"]
[SourceTitle "playchess.com"]
[Source "ChessBase"]
[SourceQuality "1"]
[TimeControl "40/5400+30:1800+30"]

1. e4 {[%emt 0:00:00]} e5 {[%emt 0:00:00]} 2. Nf3 {[%emt 0:00:00]} Nc6 {[%emt 0:00:15]} 3. Bb5 {[%emt 0:00:00]} a6 {[%emt 0:00:44]} 4. Ba4 {[%emt 0:00:00]} Nf6 {[%emt 0:00:21]} 5. d3 {[%emt 0:00:00]} b5 {[%emt 0:00:31]} 6. Bb3 {[%emt 0:00:07]} Be7 {[%emt 0:00:31]} 7. O-O {[%emt 0:00:10]} O-O {[%emt 0:00:45]} 8. Re1 {[%emt 0:00:37]} d6 {[%emt 0:00:27]} 9. c3 {[%emt 0:00:10]} Na5 {[%emt 0:00:11]} 10. Bc2 {[%emt 0:00:04]} c5 {[%emt 0:00:15]} 11. Nbd2 {[%emt 0:00:23]} Nc6 {[%emt 0:01:55]} 12. Nf1 {[%emt 0:01:12]} Re8 {[%emt 0:00:16]} 13. d4 {[%emt 0:02:11] C90: Closed Ruy Lopez with 7...d6: Early deviations} (13. Ne3 Bf8 14. a4 b4 15. Nd5 h6 16. a5 Nxd5 17. exd5 Nxa5 18. Ba4 Re7 19. Nd2 Rb8 20. c4 Nb7 21. Ne4 f5 22. Ng3 {1-0 (43) Carlsen,M (2837)-Ding,L (2774) Saint Louis 2017}) 13... cxd4 {[%emt 0:00:46]} 14. cxd4 {[%emt 0:00:04]} Bg4 {[%emt 0:01:17]} 15. Be3 {[%emt 0:13:51]} exd4 {[%emt 0:02:32]} 16. Bxd4 {[%emt 0:02:08]} Bxf3 {[%emt 0:00:14]} 17. gxf3 {[%emt 0:00:04]} Rc8 {[%emt 0:01:35]} ({Predecessor:} 17... Nxd4 18. Qxd4 Nh5 19. e5 dxe5 20. Qxe5 Nf6 {1-0 (41) Janowski,D-Liebenstein,H New York,NY 1913}) 18. Bb3 {[%emt 0:01:07]} Bf8 {[%emt 0:01:21]} 19. Be3 {[%emt 0:03:12]} g6 {[%emt 0:02:57]} 20. Bg5 {[%emt 0:00:31]} Bg7 {[%emt 0:01:04]} 21. Ne3 {[%emt 0:01:25]} Ne7 {[%emt 0:02:29]} 22. Qd2 {[%emt 0:01:33]} Qb6 {[%emt 0:04:39]} 23. Red1 {[%emt 0:01:32]} Red8 {[%emt 0:00:17]} 24. Rac1 {[%emt 0:09:50]} Rxc1 {[%emt 0:03:49]} 25. Rxc1 {[%emt 0:01:12]} Qa7 {[%emt 0:01:02]} 26. Rd1 {[%emt 0:01:58]} Qd7 {[%emt 0:03:32]} 27. e5 {[%emt 0:08:55]} Ne8 {[%emt 0:01:33]} 28. Bf4 {[%emt 0:01:28]} Qh3 {[%emt 0:03:42]} 29. exd6 {[%emt 0:24:46]} Qxf3 {[%emt 0:00:38]} 30. Bg3 {[%emt 0:00:47]} Nf6 {[%emt 0:06:31]} 31. Qa5 {[%emt 0:11:19]} Nc6 {[%emt 0:00:25]} 32. Qc7 {[%emt 0:00:08]} Ne8 {[%emt 0:00:38]} 33. Bxf7+ {[%emt 0:01:12]} Qxf7 {[%emt 0:00:22]} 34. Qxc6 {[%emt 0:00:04]} Nf6 {[%emt 0:02:04]} 35. Qxa6 {[%emt 0:03:28]} Ne4 {[%emt 0:04:55]} 36. Qxb5 {[%emt 0:00:48]} Qf3 {[%emt 0:00:57]} 37. Qd5+ {[%emt 0:03:24]} Kh8 {[%emt 0:00:08]} 38. d7 {[%emt 0:02:35]} Bxb2 {[%emt 0:03:05]} 39. Be5+ {[%emt 0:01:18]} Bxe5 {[%emt 0:00:14]} 40. Qxe5+ {[%emt 0:00:00]} Kg8 {[%emt 0:00:00]} 41. Qe8+ {[%emt 0:01:53]} Kg7 {[%emt 0:00:42]} 42. Qe7+ $2 {[%emt 0:00:21]} Kh6 {[%emt 0:00:12]} 43. Qh4+ {[%emt 0:00:24]} Kg7 {[%emt 0:00:10]} 44. Qe7+ {[%emt 0:11:41]} Kh6 $18 {[%emt 0:00:50]} 45. Qh4+ {[%emt 0:15:17]} Kg7 {[%emt 0:00:14]} 46. Rd4 $18 {[%emt 0:07:49]} Nf6 {[%emt 0:00:09]} 47. Ng4 {[%emt 0:00:26]} (47. a4) (47. Rf4 Qc6 $16) 47... Ne4 {[%emt 0:00:31]} 48. Qe7+ {[%emt 0:00:51]} Kg8 {[%emt 0:00:18]} 49. Qxd8+ {[%emt 0:00:05]} Kg7 {[%emt 0:00:12]} 50. Qe7+ {[%emt 0:00:01]} Kg8 {[%emt 0:00:01]} 51. d8=Q+ {[%emt 0:00:06]} Qf8 {[%emt 0:00:06]} 52. Qexf8# {[%emt 0:00:02]} 1-0

[Event "IIFL Wealth  4th Mumbai Junior U-13"]
[Site "Mumbai"]
[Date "2019.01.02"]
[Round "4"]
[White "Krishnan Ritvik"]
[Black "Jadhav Jyotiraditya"]
[Result "1-0"]
[WhiteElo "1812"]
[BlackElo "1358"]
[Annotator "NA RC"]
[PlyCount "67"]
[EventDate "2018.12.30"]
[EventType "swiss"]
[EventCountry "IND"]
[SourceTitle "playchess.com"]
[Source "ChessBase"]
[SourceQuality "1"]
[TimeControl "40/5400+30:1800+30"]

1. e4 {[%emt 0:02:50]} c5 {[%emt 0:00:00]} 2. Nf3 {[%emt 0:00:03]} e6 {[%emt 0:00:00]} 3. c3 {[%emt 0:00:06]} Nf6 {[%emt 0:13:40]} 4. e5 {[%emt 0:00:04]} Nd5 {[%emt 0:00:07]} 5. d4 {[%emt 0:00:02]} cxd4 {[%emt 0:01:32]} 6. cxd4 {[%emt 0:00:01]} d6 {[%emt 0:02:10]} 7. Bc4 {[%emt 0:00:05]} Nb6 {[%emt 0:02:37]} 8. Bd3 {[%emt 0:00:27]} Nc6 {[%emt 0:02:00]} 9. O-O {[%emt 0:04:26]} Qc7 {[%emt 0:06:44] B22: Sicilian: 2 c3} (9... Nb4 10. Bg5 Be7 11. Bxe7 Qxe7 12. Nc3 Nxd3 13. Qxd3 dxe5 14. dxe5 O-O 15. Qe4 Rb8 16. Nb5 Bd7 17. Nxa7 Ra8 {0-1 (47) Boruchovsky,A (2531)-Naiditsch,A (2667) Jerusalem 2016}) 10. Re1 {[%emt 0:04:06]} dxe5 $146 {[%emt 0:01:09]} ({Predecessor:} 10... a6 11. Nc3 Bd7 12. a3 Be7 13. exd6 Qxd6 14. Ne4 Qc7 15. Bd2 Nd5 16. Rc1 Qb6 17. Bc3 {1-0 (36) Pereira,G (2036)-Gomes,M (1759) Florianopolis 2017}) 11. dxe5 {[%emt 0:00:25]} Be7 {[%emt 0:04:21]} 12. Nc3 {[%emt 0:00:34]} a6 {[%emt 0:01:10]} 13. Qe2 {[%emt 0:00:40]} Bd7 {[%emt 0:04:10]} 14. Bf4 {[%emt 0:00:30]} h6 {[%emt 0:03:09]} 15. Rac1 {[%emt 0:02:29]} g5 {[%emt 0:03:53]} 16. Bg3 {[%emt 0:00:23]} h5 {[%emt 0:03:15]} 17. h3 {[%emt 0:03:41]} (17. h4 $142) 17... O-O-O {[%emt 0:06:19]} 18. Ne4 {[%emt 0:01:19]} Rdg8 {[%emt 0:18:13]} (18... g4 $142) 19. Nd6+ {[%emt 0:00:27]} Bxd6 $2 {[%emt 0:00:51]} (19... Kb8 20. Nxf7 {[%mdl 64] Trapped Piece} g4) 20. exd6 {[%emt 0:00:02]} Qd8 $18 {[%emt 0:08:30]} 21. Bxa6 {[%emt 0:00:32]} Kb8 {[%emt 0:07:49]} 22. Ne5 {[%emt 0:02:47]} Nxe5 {[%emt 0:03:03]} 23. Bxe5 {[%emt 0:00:07]} f6 {[%emt 0:00:06]} 24. Qf3 {[%emt 0:01:16]} Nd5 {[%emt 0:01:18]} 25. Rc7 {[%emt 0:05:12]} Bc6 {[%emt 0:01:24]} 26. Qb3 {[%emt 0:01:04]} fxe5 {[%emt 0:02:11]} 27. Bxb7 {[%emt 0:00:32]} Qxc7 {[%emt 0:01:53]} 28. dxc7+ {[%emt 0:00:22]} Kxc7 {[%emt 0:00:10]} 29. Rc1 {[%emt 0:00:11]} Ne7 {[%emt 0:01:02]} 30. Bxc6 {[%emt 0:00:16]} Nxc6 {[%emt 0:00:05]} 31. Qxe6 {[%emt 0:00:14]} Re8 {[%emt 0:00:54]} 32. Qxc6+ {[%emt 0:00:07]} Kb8 {[%emt 0:00:09]} 33. Qb6+ {[%emt 0:00:03]} Ka8 {[%emt 0:00:07]} 34. Rc7 {[%emt 0:00:04]} 1-0

[Event "IIFL Wealth  4th Mumbai Junior U-13"]
[Site "Mumbai"]
[Date "2019.01.02"]
[Round "4"]
[White "Aditya Varun Gampa"]
[Black "Aaryan Varshney"]
[Result "0-1"]
[WhiteElo "1809"]
[BlackElo "2200"]
[Annotator "TA"]
[PlyCount "62"]
[EventDate "2018.12.30"]
[EventType "swiss"]
[EventCountry "IND"]
[SourceTitle "playchess.com"]
[Source "ChessBase"]
[SourceQuality "1"]

{[%evp 25,62,-33,-39,-29,-22,-41,-20,-16,0,-150,-141,-134,-129,-200,-193,-191,-190,-196,-208,-200,-197,-187,-187,-184,-167,-179,-175,-191,-140,-154,-146,-139,-129,-791,-789,-779,-783,-1830,-1828]} 1. d4 Nf6 2. Bf4 d5 3. e3 c5 4. c3 e6 5. Nd2 Nc6 6. Ngf3 Bd6 7. Bg3 O-O 8. Bd3 b6 9. e4 {D02: 1 d4 d5 2 Nf3 sidelines, including 2...Nf6 3 g3 and 2...Nf6 3 Bf4} Be7 {[%cal Bd6e7,Be7g5,Bg5h6][%mdl 32]} 10. e5 Nh5 11. Ng5 (11. Nf1 cxd4 12. Nxd4 Nxd4 13. cxd4 g6 14. Ne3 f5 15. exf6 Bxf6 16. Be2 Nxg3 17. hxg3 {½-½ (37) Nakamura,H (2787)-Svidler,P (2760) Moscow 2018}) 11... Bxg5 12. Qxh5 g6 13. Qe2 cxd4 {LiveBook: 14 Games} 14. h4 {[%cal Bh2h4,Bh4h5][%mdl 32]} Bh6 15. h5 $1 dxc3 16. bxc3 g5 17. Qg4 $146 (17. O-O $11) 17... f5 18. exf6 Qxf6 19. Qf3 {[#]} (19. Bb5 $17) 19... Qg7 $1 $19 20. Qe2 Qxc3 21. O-O {Strongly threatening Rac1.} Nd4 22. Qe3 {[#] Threatens to win with Be5.} Nf5 $1 {[%cal Rf5e3]} 23. Bxf5 Qxe3 24. Bxh7+ Kxh7 25. fxe3 Ba6 $36 {[%mdl 2048] Black is really pushing.} 26. Rxf8 Rxf8 ({Black should play} 26... Bxf8 $19 27. Rc1 Bc5) 27. Rc1 $17 g4 28. Rc7+ Kg8 29. Be5 $2 {[%mdl 8192]} (29. Bf4 $17 Bxf4 30. exf4) 29... Bxe3+ $19 {[%mdl 64] Double Attack. Black is clearly winning.} 30. Kh2 Rf5 {[%mdl 64] Double Attack} 31. Bc3 Bf4+ {[%mdl 64] Double Attack. Accuracy: White = 44%, Black = 93%.} 0-1

[Event "IIFL Wealth  4th Mumbai Junior U-13"]
[Site "Mumbai"]
[Date "2019.01.02"]
[Round "4"]
[White "Barde Om"]
[Black "Khairmode Aditya"]
[Result "1-0"]
[WhiteElo "1801"]
[BlackElo "1337"]
[Annotator "NA RC"]
[PlyCount "101"]
[EventDate "2018.12.30"]
[EventType "swiss"]
[EventCountry "IND"]
[SourceTitle "playchess.com"]
[Source "ChessBase"]
[SourceQuality "1"]
[TimeControl "40/5400+30:1800+30"]

1. e4 {[%emt 0:00:00]} e5 {[%emt 0:00:00]} 2. Nf3 {[%emt 0:00:00]} Nf6 {[%emt 0:00:00]} 3. Nc3 {[%emt 0:03:29]} Nc6 {[%emt 0:00:19]} 4. h3 {[%emt 0:03:11]} d5 {[%emt 0:02:55] C47: Scotch Four Knights and Four Knights with 4 g3} (4... Bb4 5. Bd3 Bxc3 6. dxc3 d6 7. O-O h6 8. Re1 g5 9. Nh2 Ne7 10. Bb5+ Kf8 11. a4 a5 12. Bf1 {½-½ (59) Yu,Y (2760)-Vidit,S (2707) Liaocheng 2018}) 5. exd5 {[%emt 0:01:47]} Nxd5 {[%emt 0:00:08]} 6. d3 {[%emt 0:00:36]} Be6 $146 {[%emt 0:03:15]} ({Predecessor:} 6... Be7 7. Be2 Bf5 8. O-O Nxc3 9. bxc3 e4 10. Ne1 exd3 11. cxd3 O-O {1-0 (42) Granat,R (2264)-De Coverly,R (2092) Sunningdale 2007}) 7. Be2 {[%emt 0:00:52]} Bc5 {[%emt 0:01:37]} 8. Ng5 {[%emt 0:06:47]} Nxc3 {[%emt 0:06:11]} 9. bxc3 {[%emt 0:00:32]} Bd5 {[%emt 0:01:45]} 10. Bf3 {[%emt 0:12:29]} f6 {[%emt 0:04:50]} 11. Ne4 {[%emt 0:05:54]} Bb6 {[%emt 0:02:41]} 12. O-O {[%emt 0:00:09]} Qd7 {[%emt 0:04:15]} 13. Ba3 {[%emt 0:03:10]} (13. c4 $5 {[%cal Rc4d5]} Be6 14. a4 $14) 13... O-O-O {[%emt 0:06:34]} 14. c4 {[%emt 0:31:42]} Be6 {[%emt 0:04:04]} 15. Nc5 {[%emt 0:00:41]} Bxc5 $1 {[%emt 0:01:09]} 16. Bxc5 {[%emt 0:00:03]} b6 {[%emt 0:06:29]} 17. Be3 {[%emt 0:01:33]} Nd4 {[%emt 0:03:46]} 18. Bxd4 {[%emt 0:03:05]} Qxd4 {[%emt 0:00:11]} 19. Qe2 {[%emt 0:13:09]} f5 {[%emt 0:03:58]} 20. Rfd1 {[%emt 0:01:02]} h6 {[%emt 0:03:40]} (20... g5 $11) 21. Rac1 {[%emt 0:06:38]} (21. a4 $1 $14) 21... g5 {[%emt 0:02:49]} 22. c3 {[%emt 0:00:34]} Qd6 {[%emt 0:01:06]} 23. Re1 {[%emt 0:03:11]} Rhe8 {[%emt 0:04:45]} 24. Qxe5 {[%emt 0:00:53]} Qxd3 {[%emt 0:01:20]} 25. Rcd1 {[%emt 0:00:30]} Qxc4 {[%emt 0:01:10]} 26. Rxd8+ {[%emt 0:00:04]} Kxd8 {[%emt 0:00:58]} 27. Qf6+ {[%emt 0:00:53]} Kc8 {[%emt 0:01:24]} 28. Bh5 {[%emt 0:00:23]} Bf7 {[%emt 0:03:30]} 29. Rxe8+ {[%emt 0:00:22]} Bxe8 {[%emt 0:00:10]} 30. Bxe8 {[%emt 0:00:03]} Kb7 {[%emt 0:01:08]} 31. Bf7 {[%emt 0:01:04]} Qe4 {[%emt 0:01:06]} 32. Qd4 {[%emt 0:00:38]} Qe7 {[%emt 0:02:32]} 33. Bd5+ {[%emt 0:00:12]} c6 {[%emt 0:01:25]} 34. Bf3 {[%emt 0:00:02]} Kc7 {[%emt 0:01:33]} 35. Kf1 $18 {[%emt 0:01:19]} Qa3 {[%emt 0:01:24]} 36. Qd2 {[%emt 0:00:29]} Qa4 {[%emt 0:00:52]} 37. Kg1 {[%emt 0:00:13]} g4 {[%emt 0:00:59]} 38. hxg4 {[%emt 0:00:03]} fxg4 {[%emt 0:00:03]} 39. Bd1 {[%emt 0:00:58]} Qe4 {[%emt 0:00:56]} 40. Bc2 {[%emt 0:00:00]} Qe6 {[%emt 0:00:00]} 41. Bb3 {[%emt 0:01:07]} Qf6 {[%emt 0:00:48]} 42. Qd4 {[%emt 0:01:39]} Qg5 {[%emt 0:00:09]} 43. Qe3 {[%emt 0:00:32]} Qf6 {[%emt 0:00:15]} 44. Qg3+ {[%emt 0:05:30]} Kb7 {[%emt 0:00:17]} 45. Qd3 {[%emt 0:00:10]} Qe7 {[%emt 0:00:21]} 46. Kf1 {[%emt 0:00:35]} h5 {[%emt 0:00:22]} 47. Qf5 {[%emt 0:01:41]} Qe8 {[%emt 0:02:05]} 48. Qf7+ {[%emt 0:00:36]} Qxf7 {[%emt 0:00:15]} 49. Bxf7 {[%emt 0:00:03]} h4 {[%emt 0:00:09]} 50. Be6 {[%emt 0:00:06]} h3 {[%emt 0:00:48]} 51. gxh3 {[%emt 0:00:03]} 1-0

[Event "IIFL Wealth  4th Mumbai Junior U-13"]
[Site "Mumbai"]
[Date "2019.01.02"]
[Round "4"]
[White "Garv Rai"]
[Black "Kshatriya Nitin Vekhande"]
[Result "1/2-1/2"]
[WhiteElo "1772"]
[BlackElo "1544"]
[Annotator "NA RC"]
[PlyCount "184"]
[EventDate "2018.12.30"]
[EventType "swiss"]
[EventCountry "IND"]
[SourceTitle "playchess.com"]
[Source "ChessBase"]
[SourceQuality "1"]
[TimeControl "40/5400+30:1800+30"]

1. d4 {[%emt 0:00:00]} Nf6 {[%emt 0:00:00]} 2. Bf4 {[%emt 0:00:00]} d5 {[%emt 0:00:00]} 3. e3 {[%emt 0:00:00]} e6 {[%emt 0:00:00]} 4. Nd2 {[%emt 0:00:18]} c5 {[%emt 0:00:39]} 5. c3 {[%emt 0:00:08]} Be7 {[%emt 0:00:05]} 6. Ngf3 {[%emt 0:00:31]} O-O {[%emt 0:00:10]} 7. Bd3 {[%emt 0:00:10]} Nbd7 {[%emt 0:01:05]} 8. Ne5 {[%emt 0:00:11]} a6 {[%emt 0:03:01]} 9. h4 {[%emt 0:00:27]} Ne8 {[%emt 0:01:52]} 10. Qh5 {[%emt 0:16:23]} f5 {[%emt 0:00:46]} 11. Qe2 {[%emt 0:02:18]} Ndf6 {[%emt 0:03:57]} 12. Ndf3 {[%emt 0:12:03]} Nd6 {[%emt 0:00:55]} 13. dxc5 {[%emt 0:07:15]} Nf7 {[%emt 0:00:46]} 14. c6 {[%emt 0:01:03]} bxc6 {[%emt 0:00:14]} 15. Nxc6 {[%emt 0:00:30]} Qd7 {[%emt 0:00:07]} 16. Nfe5 {[%emt 0:00:55]} Nxe5 {[%emt 0:00:30]} 17. Nxe5 {[%emt 0:01:05]} Qb7 {[%emt 0:00:07]} 18. O-O {[%emt 0:01:23]} Ne4 {[%emt 0:00:42]} 19. Bxe4 {[%emt 0:00:56]} fxe4 {[%emt 0:00:30]} 20. Bg3 {[%emt 0:02:56]} Bd6 {[%emt 0:00:24]} 21. Ng4 {[%emt 0:07:23]} Bxg3 {[%emt 0:01:39]} 22. fxg3 {[%emt 0:00:03]} Bd7 {[%emt 0:00:14]} 23. Rf4 {[%emt 0:08:32]} Bb5 {[%emt 0:02:49]} 24. Qd2 {[%emt 0:02:08]} Qe7 {[%emt 0:21:54]} 25. Rxf8+ {[%emt 0:00:52]} Rxf8 {[%emt 0:00:10]} 26. a4 {[%emt 0:00:13]} Bc4 {[%emt 0:02:14]} 27. Ne5 {[%emt 0:00:59]} Qc7 {[%emt 0:00:02]} 28. Nxc4 {[%emt 0:00:49]} Qxc4 {[%emt 0:00:02]} 29. Qc2 {[%emt 0:04:43]} Qc7 {[%emt 0:00:13]} 30. Kh2 {[%emt 0:02:17]} a5 {[%emt 0:00:11]} 31. Qe2 {[%emt 0:01:03]} Rb8 {[%emt 0:00:27]} 32. Qc2 {[%emt 0:03:15]} Qb6 {[%emt 0:00:03]} 33. c4 {[%emt 0:08:49]} Qxb2 {[%emt 0:00:37]} 34. Qxb2 {[%emt 0:00:51]} Rxb2 {[%emt 0:00:05]} 35. Rc1 {[%emt 0:00:07]} dxc4 {[%emt 0:01:02]} 36. Rxc4 {[%emt 0:00:11]} Rb4 {[%emt 0:00:42]} 37. Rxb4 {[%emt 0:00:24]} axb4 {[%emt 0:00:05]} 38. a5 {[%emt 0:00:00]} b3 {[%emt 0:00:08]} 39. a6 {[%emt 0:00:05]} b2 {[%emt 0:00:02]} 40. a7 {[%emt 0:00:00]} b1=Q {[%emt 0:00:00]} 41. a8=Q+ {[%emt 0:00:10]} Kf7 {[%emt 0:00:24]} 42. Qa7+ {[%emt 0:01:02]} Kf6 {[%emt 0:00:36]} 43. Qd4+ {[%emt 0:00:38]} Kf7 {[%emt 0:00:10]} 44. Qd7+ {[%emt 0:00:04]} Kf6 {[%emt 0:00:11]} 45. Qd8+ {[%emt 0:03:12]} Kf7 {[%emt 0:00:09]} 46. Qc7+ {[%emt 0:00:08]} Kf6 {[%emt 0:00:19]} 47. Qf4+ {[%emt 0:00:33]} Ke7 {[%emt 0:00:07]} 48. Qc7+ {[%emt 0:00:47]} Kf6 {[%emt 0:00:07]} 49. Qc3+ {[%emt 0:01:04]} Kf7 {[%emt 0:00:25]} 50. Qc7+ {[%emt 0:00:08]} Kf6 {[%emt 0:00:57]} 51. Qd8+ {[%emt 0:00:32]} Kf7 {[%emt 0:00:19]} 52. Qd7+ {[%emt 0:00:00]} Kf6 {[%emt 0:00:09]} 53. g4 {[%emt 0:00:00]} Qe1 {[%emt 0:05:16]} 54. g5+ {[%emt 0:01:35]} Kf5 {[%emt 0:00:09]} 55. Qf7+ {[%emt 0:01:12]} Kg4 {[%emt 0:01:56]} 56. Qxe6+ {[%emt 0:02:16]} Kxh4 {[%emt 0:12:00]} 57. Qxe4+ {[%emt 0:00:18]} Kxg5 {[%emt 0:02:11]} 58. Qxh7 {[%emt 0:00:46]} Qxe3 {[%emt 0:01:04]} 59. Qxg7+ {[%emt 0:01:03]} Kh5 {[%emt 0:01:56]} 60. Qf7+ {[%emt 0:01:05]} Kh6 {[%emt 0:00:33]} 61. Qf6+ {[%emt 0:00:20]} Kh5 {[%emt 0:00:51]} 62. Qf5+ {[%emt 0:00:44]} Kh4 {[%emt 0:01:31]} 63. Qh7+ {[%emt 0:00:32]} Kg5 {[%emt 0:00:41]} 64. Qg7+ {[%emt 0:00:55]} Kh5 {[%emt 0:00:50]} 65. Qh8+ {[%emt 0:00:17]} Kg5 {[%emt 0:00:40]} 66. Qd8+ {[%emt 0:00:17]} Kg4 {[%emt 0:00:29]} 67. Qd7+ {[%emt 0:01:03]} Kh4 {[%emt 0:00:16]} 68. Qh7+ {[%emt 0:01:09]} Kg5 {[%emt 0:00:12]} 69. Qg8+ {[%emt 0:00:16]} Kh5 {[%emt 0:00:16]} 70. Qd5+ {[%emt 0:00:39]} Kg4 {[%emt 0:00:51]} 71. Qc4+ {[%emt 0:00:31]} Kg5 {[%emt 0:00:22]} 72. Qd5+ {[%emt 0:00:06]} Kg4 {[%emt 0:02:25]} 73. Qd7+ {[%emt 0:00:29]} Kh4 {[%emt 0:00:12]} 74. Qd6 {[%emt 0:02:13]} Kh5 {[%emt 0:01:40]} 75. Qd5+ {[%emt 0:00:39]} Kg4 {[%emt 0:00:15]} 76. Qc4+ {[%emt 0:00:27]} Kg5 {[%emt 0:00:38]} 77. Qc7 {[%emt 0:00:37]} Kg4 {[%emt 0:00:24]} 78. Qd6 {[%emt 0:00:38]} Kh5 {[%emt 0:01:01]} 79. Qd5+ {[%emt 0:00:17]} Kg4 {[%emt 0:00:26]} 80. Qg8+ {[%emt 0:00:07]} Kh5 {[%emt 0:00:07]} 81. Qh7+ {[%emt 0:00:26]} Kg5 {[%emt 0:00:11]} 82. Qc7 {[%emt 0:00:22]} Kg4 {[%emt 0:00:13]} 83. Qc4+ {[%emt 0:00:14]} Kg5 {[%emt 0:00:44]} 84. Qd5+ {[%emt 0:00:33]} Kg4 {[%emt 0:00:18]} 85. Qd6 {[%emt 0:00:37]} Kh5 {[%emt 0:00:13]} 86. Qc7 {[%emt 0:01:10]} Kg4 {[%emt 0:00:22]} 87. Qc4+ {[%emt 0:00:24]} Kg5 {[%emt 0:00:40]} 88. Qd5+ {[%emt 0:00:03]} Kg4 {[%emt 0:00:22]} 89. Qg8+ {[%emt 0:00:11]} Kh5 {[%emt 0:00:07]} 90. Qh7+ {[%emt 0:00:17]} Kg5 {[%emt 0:00:10]} 91. Qg7+ {[%emt 0:03:44]} Kh5 {[%emt 0:00:09]} 92. Qf7+ {[%emt 0:00:13]} Kg5 {[%emt 0:00:06]} 1/2-1/2